000 00491nam a2200181Ia 4500
003 GCL
008 140319s9999 xx 000 0 ara d
040 _aGCL /
_cGCL
082 0 4 _a636.09
_bح ا
100 1 _aحنا نصر الحسينى
245 1 0 _aالابل العربية الاصيلة /
_cحنا نصر الحسينى
260 _a[S.N] :
_bخليل فاصل ،
_c1990
300 _a182 ص
490 _a
650 0 4 _aالعلم
650 0 4 _aالجمال
942 _2ddc
_cBK
999 _c27943
_d27943